000 00302 a2200109 4500
001 ART_56449
005 20260410161747.0
008 260409a
245 1 0 _aEstabilidad y derecho comparado
100 1 _aDuarte, David
773 0 _tDoctrina laboral
_g- N° 442 (jun. 2022)
_wREV4049
999 _c19320
_d19320